00846nas a2200229Ia 4500001001100000003000900011008004100020040001300061040001300074041001300087100004500100210001700145222001700162245010500179250001100284260004600295501008600341300001700427362003900444500009700483650003600580R020/75121IT-RoPAU151124c99999999xx |||||||||||| ||und|| aIT-RoPAU cIT-RoPAU aITALIANO aBrownlow KevingCodice Aut. SPICS: 8758 aGRIFFITHIANA aGriffithiana aGRIFFITHIANA, ANNO 11-N.32/33 (SETTEMBRE 1988)bUn Film Sulla Tratta Delle Bianche: Traffic In Souls a1a ed. aGEMONA (UDINE)bCINETECA DEL FRIULIc1988 bPaulus - SPICS - Società San Paolo EM (non-commercial uses only)cCopyright2015 a11 p. [9-19] aANNO 011, N.32/33 (SETTEMBRE 1988) aRiflessioni Sul Film del 1913 Traffic in Souls di George Loane Tucker. Tratta Delle Bianche. aCINEMAvPUBBLICAZIONE PERIODICA